000 02114cam a2200289 4500500
005 20260208005440.0
041 _afre
042 _adc
100 1 0 _aGrenier, Jean-Yves
_eauthor
245 0 0 _aTemps de travail et fêtes religieuses au XVIIIe siècle
260 _c2012.
500 _a61
520 _aRésuméLa suppression d’un grand nombre de jours de fêtes religieuses entre le milieu du xviie siècle et la fin du xviiie siècle a permis une forte augmentation du temps de travail. Cet article s’efforce d’en comprendre les raisons. Est-ce la conséquence du désir des populations de travailler plus pour consommer plus, comme le soutiennent les historiens de la consumer revolution ? Est-ce une évolution du calendrier encouragée et conduite par les élites éclairées acquises à l’utilitarisme de l’économie politique ? Ou doit-on au contraire y voir d’abord un phénomène de nature religieuse, voulu et organisé par l’Église et la papauté ?
520 _aAn impressive number of holydays was suppressed from mid-seventeenth through the end of Eighteenth-Century. An important consequence was the strong worktime increase. The aim of this article is to understand why. Was it a consequence of a popular growing desire for working more in order to consume more? Was this evolution of the religious calendar promoted by the enlightened elite inspired by the new utilitarian political economy? Or, on the contrary, could we interpret this impressive movement towards less holydays as a European religious phenomenon, led and directed by the church and the papacy?
690 _aéconomie politique chrétienne
690 _aÉglise catholique
690 _afêtes religieuses
690 _apapauté
690 _atemps de travail
690 _aCatholic church
690 _aChristian political economy
690 _aHolidays
690 _aPapacy
690 _aWorktime
786 0 _nRevue historique | 663 | 3 | 2012-08-29 | p. 609-641 | 0035-3264
856 4 1 _uhttps://shs.cairn.info/revue-historique-2012-3-page-609?lang=fr&redirect-ssocas=7080
999 _c1652209
_d1652209